Passionate politics : emotions and social movements = Pasión política: emociones y movimientos sociales /
שמור ב:
| מחבר ראשי: | |
|---|---|
| פורמט: | לא ידוע |
| שפה: | English |
| יצא לאור: |
Chicago :
University of Chicago Press,
2001.
|
| נושאים: | |
| תגים: |
הוספת תג
אין תגיות, היה/י הראשונ/ה לתייג את הרשומה!
|
MARC
| LEADER | 000000000a22000000004500 | ||
|---|---|---|---|
| 001 | 013361 | ||
| 020 | |a 0226303985 | ||
| 041 | 0 | |a eng | |
| 082 | 0 | 4 | |a 303.484 |b G656p |
| 100 | 1 | |a Goodwin, Jeff | |
| 245 | 1 | 0 | |a Passionate politics : |b emotions and social movements = Pasión política: emociones y movimientos sociales / |c Jeff Goodwin. |
| 246 | 3 | 1 | |a Pasión política: emociones y movimientos sociales |
| 260 | 1 | |a Chicago : |b University of Chicago Press, |c 2001. | |
| 300 | |a 370 páginas ; |c 24 cm. | ||
| 650 | 4 | |a MOVIMIENTOS SOCIALES | |
| 650 | 4 | |a EMOCIONES | |
| 650 | 4 | |a CIENCIAS POLITICAS | |
| 500 | |a Colección George Yúdice | ||
| 999 | |c 19287 |d 19287 | ||
| 942 | |c BK |h 303.484 G656p |2 z | ||



